000 00647nam a2200241 a 4500
001 0001-1188
003 ELIB.Books
008 150512 2010 eng
020 _a9789834426521
035 _a(ELIB.Books)0001-1343
092 _a266
_bChe
100 _aChen, Paul C. Y.
245 _aReaching an Unreached People Group:
_bThe Jehai of the Temenggor Forest
260 _aMalaysia
_bAkitiara Corporation Sdn Bhd
_c2010
300 _a143
_c23 Cm
500 _aLibrary
650 _aMission
856 _nKBTS: Library
_uKBTS: Elib
942 _2ddc
_cBK
990 _a1
998 _cbat
_e2015-05-12
999 _c11188
_d11188